Collecting and preserving Old Photographs

Podrobná bibliografia
Hlavný autor: Martin, Elizabeth Ann, 1945- (Autor)
Médium: Kniha
Jazyk:neznámy jazyk
PhysicalDescription:160 s.
Vydavateľské údaje: Collins

MARC

LEADER 00000nam a2200000 a 4500
001 vtls001386348
003 SK-MaSNL
005 20260301161509.0
008 240314suuuu xx 0 und
035 |a SNK000340506 
040 |a SNK  |b slo  |c SNK  |e AACR2 
100 1 |a Martin, Elizabeth Ann,  |d 1945-  |4 aut  |9 524601 
245 1 0 |a Collecting and preserving Old Photographs 
260 |b Collins 
300 |a 160 s. 
999 |c 809690  |d 811620 
952 |t P60, <04>, [BOOK], {604}  |a SNK  |b SNK  |y VYP  |7 0  |p 17A0233724  |o snkIB 60315  |0 0  |1 0  |4 0  |d 2000-04-03  |l 0  |r 2005-01-02 00:00:00  |w 2026-02-24